Statistics for Top 40 Animated Movies

Click here to take the quiz!

General Stats

  • This quiz has been taken 127 times
  • The average score is 7 of 40

Answer Stats

#MovieYear% Correct
22Toy Story1995
81%
4Snow White And The Seven Dwarfs1937
71%
34Up2009
57%
3Fantasia1940
51%
20Pinocchio1940
48%
29The Incredibles2004
46%
6WALL-E2008
44%
26Bambi1942
38%
16The Little Mermaid1989
38%
2Spirited Away2001
30%
12Inside Out2015
28%
8The Nightmare Before Christmas1993
11%
39Coraline2009
10%
33Howl's Moving Castle2004
10%
40Rango2011
9%
14Steamboat Willie1928
9%
37Grave Of The Fireflies1988
8%
30Persepolis2007
8%
7The Iron Giant1999
8%
21The Lego Movie2014
7%
19Akira1988
6%
1Fantastic Mr. Fox2009
6%
13My Neighbor Totoro1988
6%
15Chicken Run2000
5%
35The Secret of NIMH1982
4%
28The Wrong Trousers1993
4%
36Fantastic Planet1973
3%
25South Park: Bigger, Longer, Uncut1999
3%
27Waltz With Bashir2008
3%
23Yellow Submarine1968
3%
17Anomalisa2015
2%
31Fritz The Cat1972
2%
32The Triplets of Belleville2003
2%
38Charlotte's Web1973
1%
24The Adventures Of Prince Achmed1926
1%
5Duck Amuck1953
0%
9Street Of Crocodiles1986
0%
18Waking Life2001
0%
11What's Opera, Doc?1957
0%
10World Of Tomorrow2015
0%

Score Distribution

Percentile by Number Answered

Percent of People with Each Score

Your Score History

You have not taken this quiz